Geography Quiz

Random Geography or State Quiz

Name a New England State... Quiz Stats

 Plays Quiz not verified by Sporcle

Challenge
Share
Tweet
Embed
Score 0/20 Timer 10:00
0 Plays Today
Hint Answer % Correct
Does not have an Ivy league SchoolVermont, Maine
97.1%
Once had a Big 4 Sports team, but no longer (since 1900)Rhode Island, Connecticut
94.3%
Does not have a capital with duplicate vowelsConnecticut
91.4%
Has an FBS NCAA teamMassachusetts, Connecticut
91.4%
Does not have a city/town named ManchesterVermont
91.4%
Borders a non-New England StateVermont, Connecticut, Massachusetts
91.4%
Has a capital with a population over 100,000Massachusetts, Rhode Island, Connecticut
91.4%
Border another countryVermont,New Hampshire, Maine
91.4%
Borders only 1 other stateMaine
91.4%
Has the largest lake entirely in New EnglandMaine
91.4%
Hint Answer % Correct
has 3 Syllables in its nameNew Hampshire, Rhode Island
91.4%
Was not one of the original 13 coloniesVermont, Maine
91.4%
Has an area in the top 80% of US statesMaine
91.4%
Does not touch the Connecticut RiverRhode Island, Maine
91.4%
Did not have a battle in the American RevolutionNew Hampshire, Maine
91.4%
Has 2 major interstates onlyNew Hampshire, Connecticut, Vermont, Massachusetts
91.4%
Have toll HighwaysMaine, New Hampshire, Massachusetts
91.4%
Has a population that is not in the bottom 20% of the USMassachusetts, Connecticut
91.4%
Once had an AHL hockey team but does not anymoreNew Hampshire, Maine
91.4%
Has the highest point in New EnglandNew Hampshire
88.6%

You're not logged in!

Compare scores with friends on all Sporcle quizzes.
OR
Log In

You Might Also Like...

Show Comments

Extras

Top Quizzes Today


Score Distribution

Your Account Isn't Verified!

In order to create a playlist on Sporcle, you need to verify the email address you used during registration. Go to your Sporcle Settings to finish the process.

Report this User

Report this user for behavior that violates our Community Guidelines.

Details: